AN INTRODUCTION TO EXPERIMENTAL DESIGN IN PSYCHOLOGY (Record no. 113)

000 -LEADER
fixed length control field 00373nam a22001217a 4500
008 - FIXED-LENGTH DATA ELEMENTS--GENERAL INFORMATION
fixed length control field 150819b xxu||||| |||| 00| 0 eng d
020 ## - INTERNATIONAL STANDARD BOOK NUMBER
International Standard Book Number 0060434139
082 ## -
Classification number 150.72 JOH
100 ## - MAIN ENTRY--PERSONAL NAME
Personal name JOHN,HOMER.H
Titles and other words associated with a name SOLSO, ROBERT L.
245 ## - TITLE STATEMENT
Title AN INTRODUCTION TO EXPERIMENTAL DESIGN IN PSYCHOLOGY
Remainder of title A CASE APPROACH
250 ## - EDITION STATEMENT
Edition statement 2ND
260 ## - PUBLICATION, DISTRIBUTION, ETC. (IMPRINT)
Place of publication, distribution, etc. NEW YORK
Name of publisher, distributor, etc. HARPER &ROW, PUBLISHERS, INC
Date of publication, distribution, etc. 1978
Holdings
Withdrawn status Lost status Source of classification or shelving scheme Damaged status Koha normalized classification for sorting Not for loan Home library Current library Shelving location Date acquired Total Checkouts Full call number Barcode Date last seen Price effective from Koha item type
        150_720000000000000_JOH   Dodoma Dodoma Ground Floor 19/08/2015   150.72 JOH 000000002354 29/07/2019 19/08/2015 BOOKS

IRDP © 2019 :: Managed by IRDP ICT Unit